000 00490nam a2200157 a 4500
001 000012314
005 20200929162806.0
008 091111s1956 dr c 000 0 spa d
040 _aDO-SdBNP
_bspa
_cBNPHU
082 _axxxx
_bF316l
100 1 _aFeliz Cabrera, Publio Ernesto
_928984
245 1 0 _aLidia :
_bhistoria de amor /
_cPublio Ernesto Feliz Cabrera.
260 _aCiudad Trujillo, República Dominicana, :
_b[s.n.],
_c1956.
300 _a150 p. :
_bretrs. ;
_c22 cm.
049 _aBNPD
999 _c11971
_d11971